Robotics, AI, and Humanity (Record no. 31608)

MARC details
000 -LEADER
fixed length control field 00862nam a2200121Ia 4500
008 - FIXED-LENGTH DATA ELEMENTS--GENERAL INFORMATION
fixed length control field 220620s9999||||xx |||||||||||||| ||und||
245 #0 - TITLE STATEMENT
Title Robotics, AI, and Humanity
Remainder of title Science, Ethics, and Policy
546 ## - LANGUAGE NOTE
Language note English[eng]
650 ## - SUBJECT ADDED ENTRY--TOPICAL TERM
Topical term or geographic name entry element Cognitive Psychology||Artificial Intelligence||Ethics||Social Policy||Labor Economics||Moral Philosophy and Applied Ethics||Labor and Population Economics||robotics||consciousness||innovation||economics||informatics||philosophy||sociology||poverty||political science||armed conflict||Open Access||Cognition & cognitive psychology||Ethics & moral philosophy||Political economy||Social & ethical issues||Labour economics
700 ## - ADDED ENTRY--PERSONAL NAME
Personal name von Braun, Joachim||S. Archer, Margaret||Reichberg, Gregory M.||Sánchez Sorondo, Marcelo
856 ## - ELECTRONIC LOCATION AND ACCESS
Uniform Resource Identifier <a href="https://library.oapen.org/bitstream/20.500.12657/47279/1/9783030541736.pdf">https://library.oapen.org/bitstream/20.500.12657/47279/1/9783030541736.pdf</a>
942 ## - ADDED ENTRY ELEMENTS (KOHA)
Koha item type E-Books
Holdings
Withdrawn status Lost status Damaged status Not for loan Home library Current library Date acquired Total Checkouts Date last seen Price effective from Koha item type
        Kerala University of Digital Sciences, Innovation and Technology Knowledge Centre Kerala University of Digital Sciences, Innovation and Technology Knowledge Centre 20/06/2022   20/06/2022 20/06/2022 E-Books